Využitie výpočtovej techniky v procese schvaľovania LHP

Bibliographic Details
Main Author: Šimkovič, Ján (Author)
Format: Article
Language:Slovak
PhysicalDescription:Obr.
ISSN:0323-0996
Subjects:

MARC

LEADER 00000nab a2200000 a 4500
001 vtls000810540
003 SK-MaSNL
005 20260304172804.0
008 250526c2002 xo 0 slo
015 |a SNBRB2002/10-32611 
035 |a CLN000162195 
035 |a urn:nbn:sk:snk-ab2ava 
035 |a (urnnbn)urn:nbn:sk:snk:ar-a021kk 
035 |a (uuid)e3d85044-7e61-4e89-a1c5-23b7ad926ed6 
040 |a SNKBUCL  |b slo  |c SNKBUCL  |e AACR2 
041 0 |a slo 
044 |a xo  |c SK 
080 |a 630.001.13:681.3  |2 1997 
080 |a 681.3  |2 1997 
100 1 |a Šimkovič, Ján  |4 aut  |9 377286 
245 1 0 |a Využitie výpočtovej techniky v procese schvaľovania LHP  |c Ján Šimkovič 
300 |b Obr. 
650 0 7 |a plány hospodárske lesné  |x posudzovanie  |x technika výpočtová  |2 snkbucl  |9 1502548 
650 0 7 |a výpočtová technika  |2 snkbucl  |9 1126 
655 7 |a články z novín a časopisov  |2 snkbucl  |9 267496 
773 0 |t Les  |g Roč. 58, č. 7-8 (2002), s. 24-25  |x 0323-0996 
850 |a Slovenská národná knižnica 
852 |a Slovenská národná knižnica 
954 |a odborná, vedecká literatúra pôvodná (slovenská)  |2 lita 
958 |a ONDV 
958 |a article2022 
992 |a RBX 
999 |c 3000091  |d 3002021